Povesti /

Hlavní autor: Mugujev, Chadži-Murat, 1893-1968
Jazyk: Ruština
Vydáno: Moskva : Sovetskij pisatel', 1953
Fyzický popis: 766 s.
Knihy
Uloženo v:
LEADER 00597nam a22001932a 4500
001 001460395
003 CZ BrMZK
005 20150310095244.0
007 ta
008 150310s1953 ru er|||||||||||rus d
040 |a ABA004  |b cze  |c ABA004  |d ABA004  |d BOA001 
100 1 |a Mugujev, Chadži-Murat,  |d 1893-1968  |7 js2013741925  |4 aut 
245 1 0 |a Povesti /  |c Chadži-Murat Mugujev 
260 |a Moskva :  |b Sovetskij pisatel',  |c 1953 
300 |a 766 s. 
910 |a BOA001  |b 2-0317.166 
990 |a BK 
991 |b 201503 
996 7 |b 2618814930  |c 2-0317.166  |l MZK  |r Sklad / do 24 hodin  |n 0  |w 001495432  |u 000010  |a 1  |e BOA001  |j MZK50  |s A